Insalubridad de las viviendas de Barcelona (Record no. 69603)

MARC details
000 -LEADER
campo de control de longitud fija 00788nam a2200193 i 4500
001 - NÚMERO DE CONTROL
campo de control 69603
003 - IDENTIFICADOR DE NÚMERO DE CONTROL
campo de control ES-MaACL
005 - FECHA Y HORA DE LA ÚLTIMA TRANSACCIÓN
campo de control 20230906170546.0
007 - CAMPO FIJO DE DESCRIPCIÓN FÍSICA--INFORMACIÓN GENERAL
campo de control de longitud fija t|
008 - DATOS DE LONGITUD FIJA--INFORMACIÓN GENERAL
campo de control de longitud fija 040708s1890 sp ||||1| spa d
100 1# - ENTRADA PRINCIPAL--NOMBRE DE PERSONA
Nombre de persona García Faria, Pedro (
Fechas asociadas al nombre 1858-1927)
9 (RLIN) 54586
245 10 - MENCIÓN DEL TÍTULO
Título Insalubridad de las viviendas de Barcelona
Resto del título : tema desarrollado en el Congreso Internacional de Ciencias Médicas celebrado en Barcelona en septiembre de 1888 /
Mención de responsabilidad, etc. Pedro García Faria.
260 ## - PUBLICACIÓN, DISTRIBUCIÓN, ETC.
Lugar de publicación, distribución, etc. Barcelona :
Nombre del editor, distribuidor, etc. [s.n.],
Fecha de publicación, distribución, etc. 1890 (
Fabricante Imp. de J. Balmas Planas)
300 ## - DESCRIPCIÓN FÍSICA
Extensión 26 p. :
Otras características físicas planos ;
Dimensiones 26 cm.
650 #4 - PUNTO DE ACCESO ADICIONAL DE MATERIA--TÉRMINO DE MATERIA
Término de materia o nombre geográfico como elemento de entrada Viviendas-
Subdivisión general Salubridad.
9 (RLIN) 148901
650 #4 - PUNTO DE ACCESO ADICIONAL DE MATERIA--TÉRMINO DE MATERIA
Término de materia o nombre geográfico como elemento de entrada Viviendas-
Subdivisión geográfica Barcelona.
9 (RLIN) 173985
711 2# - ENTRADA AGREGADA--NOMBRE DE REUNIÓN
Nombre de congreso/reunión o jurisdicción como elemento de entrada Congreso Internacional de Ciencias Médicas (
Fecha del congreso o de la firma del tratado 1888.
Sede del congreso/Lugar de la reunión Barcelona)
9 (RLIN) 151521
852 4# - LOCALIZACIÓN
Ubicación ES-MaACL
Número de control de estantería 1501-F-3
Holdings
Estatus retirado Estado de pérdida Estado de daño No para préstamo Colección Biblioteca de origen Biblioteca actual Ubicación en estantería Fecha de adquisición Fuente de adquisición Total de préstamos Signatura topográfica completa Código de barras Visto por última vez Precio de reemplazo Tipo de ítem Koha
        Colección de folletos Biblioteca del Ateneo de Madrid Biblioteca del Ateneo de Madrid Depósito folletos 17/01/2008     1501-F-3 1072883 23/02/2023 23/02/2023 Folleto